Statistiche per Stemmi Squadre di calcio - UEFA - Quiz n°9

Clicka qui per fare il quiz!

Statistiche generali

  • Questo quiz è stato fatto 68 volte
  • Il punteggio medio è 8 su 10

Statistiche sulle risposte

Risposta% Corretto
Benevento Calcio
100%
Koninklijke Racing Club Genk
100%
Elche Club de Fútbol
90%
Queens Park Rangers Football Club
90%
Olympique de Marseille
89%
Beşiktaş Jimnastik Kulübü
84%
Panthessalonikeios Athlītikos Omilos Kōnstantinoupolitōn
84%
Calcio Foggia 1920
83%
Sportovní Klub Slavia Praha
48%
Profesionalen Futbolen Klub Ludogorec 1945
40%

Distribuzione punteggi

Percentile per numero di risposta

Percentuale di utenti per punteggio

I tuoi punteggi nel tempo

Non hai fatto questo quiz